000 00316 a2200145 4500
001 148266
040 _cEscola São Tomás de Aquino
100 _aSANT'ANNA, Eliana
240 1 0 _aPingo-D'água
_lpor
245 1 0 _aPingo-D'água
300 _a21
362 0 _a2013
697 _a*LITERATURA INFANTIL
942 _cBK
999 _c148266
_d148266